| 000 | 01095nam a2200241Ia 4500 | ||
|---|---|---|---|
| 999 |
_c38583 _d38583 |
||
| 001 | 4700 | ||
| 003 | GE_BSU | ||
| 005 | 20190731131257.0 | ||
| 008 | 181216s2008||||ge |||||||||||||| ||geo|| | ||
| 040 | _cGE_BSU | ||
| 041 | _ageo | ||
| 080 | _a338.488.2 : 640.42(22) ხ–27 | ||
| 100 |
_aხარტიშვილი, ლელა _93294 |
||
| 245 |
_aტურიზმი სოფლად : _bდამხმ. სახელმძღვ. ოჯახური სასტუმრო სახლების მფლობელთათვის / _cლელა ხარტიშვილი ; რედ. მანანა გიგაური |
||
| 264 |
_aთბილისი : _bელკანა ; _c2008. |
||
| 300 |
_a36 გვ. : _bილ. ; _e20 სმ. |
||
| 504 | _aბიბლიოგრ. : გვ.36 | ||
| 541 | _h36ლ. | ||
| 653 | _aტურიზმი სოფლად | ||
| 653 | _aტურიზმის ეკონომიკა | ||
| 700 |
_aგიგაური, მანანა _eრედაქტორი _93295 |
||
| 942 |
_cBK _2udc |
||